000 00759nam a22002177a 4500
999 _c10572
_d10572
003 AR-CdUCM
008 190401b ||||| |||| 00| 0 spa d
040 _aMUNICIPALIDAD PROVINCIAL DEL CUSCO
_cBIBLIOTECA MUNICIPAL DEL CUSCO
082 _aEP / 372.460 /
_bN29
100 _aColina K, Graciela
_927518
245 _aDescubrir :
_bLibro de lectura inicial :
_bLo se todo Navarrete 1 /
260 _aLima :
_bEditorial Navarrete,
_c1986.
300 _a128 páginas ;
_bImágenes,
_c20 cm.
505 _aContenido: Libro de lecturas y actividades.
650 _aLibro de lecturas
_927519
650 _aLibro de actividades
_927520
650 _aLiteratura inicial
_927494
700 _aCruz Y., Eduardo de la
_927521
942 _2ddc
_cLIBROS
945 _adavv